Centroamérica: Notas sobre la evolución económica en 1986

Na minha lista:
Detalhes bibliográficos
Autor Corporativo: CEPAL
Formato: Texto
Publicado em: México D.F.: CEPAL
Tags: Adicionar Tag
Sem tags, seja o primeiro a adicionar uma tag!

MARC

LEADER 00000 a a2200000 04500
001 22890
003
040
090 |a 158100  
110 |a CEPAL  
245 |a Centroamérica: Notas sobre la evolución económica en 1986  
260 |a México D.F.:   |b CEPAL  
300 |a 14 p.  
999 |c 2581  |d 2581